Sú databázové systémy len pre informatikov

Uchovávanie a podrobné skúmanie nadobudnutých poznatkov. Elektronické uloženie a automatizované spracovanie týchto informácií. Úloha databázových systémov Vysvetlenie princípov ukladania údajov a postupov získavania požadovaných informácií z databáz.

Gespeichert in:
Bibliographische Detailangaben
1. Verfasser: Drlík, Martin
Weitere Verfasser: Skalka, Ján
Format: Buchkapitel
Sprache:Slowakisch
Schlagworte:
Tags: Tag hinzufügen
Keine Tags, Fügen Sie das erste Tag hinzu!

MARC

LEADER 00000naa$a2200000$$$4500
001 0057666
005 20231010124446.8
041 0 |a slo 
044 |a SK 
245 1 0 |a Sú databázové systémy len pre informatikov  |c Martin Drlík, Ján Skalka 
520 |a Uchovávanie a podrobné skúmanie nadobudnutých poznatkov. Elektronické uloženie a automatizované spracovanie týchto informácií. Úloha databázových systémov Vysvetlenie princípov ukladania údajov a postupov získavania požadovaných informácií z databáz. 
610 2 0 |a systémy databázové 
610 2 0 |a informácie 
610 2 0 |a používatelia 
610 2 0 |a uchovávanie dát 
100 1 |a Drlík, Martin 
700 1 |a Skalka, Ján